000 00925nam a2200253Ia 4500
003 OSt
005 20220923212627.0
006 a|||||r|||| 00| 0
007 ta
008 220922b |||||||| |||| 00| 0 hin d
024 _a154,662
037 _cTextual
040 _aARTS
_cARTS
_bhin
041 _2hin
_ahin
082 _aO1520m35,1:g, L3
100 _aमल्लिखार्जुन राव
_9162664
245 0 _aहिन्दी और तेलुगु कविता की नारी परिकल्पना
246 _aHindī aur telugu kavitā kī nārī parikalpanā
260 _aइलाहाबाद
_b संगम प्रकाशन
_c1983
300 _a322 पृ.
_ccm.
650 _aहिन्दी साहित्य
_9156264
942 _hO1520m35,1:g, L3
_cTEXL
_2CC
999 _c310284
_d310284